Statistics for TOP 10 US States in: Highest Rainfall

Click here to take the quiz!

General Stats

  • This quiz has been taken 223 times
  • The average score is 8 of 10

Answer Stats

Average Annual Rainfall (mm)State Name% Correct
1,383Florida
95%
1,482Alabama
91%
1,287Georgia
91%
1,500Mississippi
88%
1,617Hawaii
87%
1,529Louisiana
84%
1,284Arkansas
74%
1,378Tennessee
74%
1,280North Carolina
72%
1,281Connecticut
26%

Score Distribution

Percentile by Number Answered

Percent of People with Each Score

Your Score History

You have not taken this quiz